[Event "Chicago Open"]
[Site "Wheeling"]
[Date "2013.05.26"]
[Round "7.13"]
[White "Denton, Bradley"]
[Black "Shabalov, Alexander"]
[Result "0-1"]
[WhiteElo "2270"]
[BlackElo "2544"]
[PlyCount "54"]
[EventDate "2013.05.??"]
[EventType "swiss"]
[EventRounds "9"]
[EventCountry "USA"]
[Source "MonRoi"]

1. d4 Nf6 2. c4 e6 3. g3 d5 4. Nf3 Bb4+ 5. Bd2 a5 6. Bg2 O-O 7. O-O dxc4 8.
Bxb4 axb4 9. Ne5 Nc6 10. Nxc6 bxc6 11. Nd2 Qxd4 12. Qc2 Ba6 13. e3 Qd3 14. Rfc1
Qxc2 15. Rxc2 Bb5 16. Rcc1 Ra6 17. Nxc4 Rfa8 18. Ne5 Nd5 19. Bxd5 exd5 20. Rc5
f6 21. Nf3 Rxa2 22. Rac1 Rxb2 23. Nd4 Bc4 24. Rxc6 Raa2 25. Rxc7 Rxf2 26. R1xc4
dxc4 27. Rxc4 Rg2+ 0-1

[Event "Chicago Open"]
[Site "Wheeling"]
[Date "2013.05.26"]
[Round "7.14"]
[White "Amanov, Mesgen"]
[Black "Xiong, Jeffery"]
[Result "1/2-1/2"]
[WhiteElo "2510"]
[BlackElo "2376"]
[PlyCount "82"]
[EventDate "2013.05.??"]
[EventType "swiss"]
[EventRounds "9"]
[EventCountry "USA"]
[Source "MonRoi"]

1. d4 Nf6 2. Nf3 e6 3. c4 Bb4+ 4. Nbd2 b6 5. a3 Bxd2+ 6. Qxd2 Bb7 7. e3 d6 8.
Be2 Nbd7 9. O-O O-O 10. b4 Ne4 11. Qc2 f5 12. Bb2 c5 13. dxc5 dxc5 14. Rfd1 Qe7
15. b5 Rfd8 16. Ne5 Nxe5 17. Bxe5 Nd6 18. Bxd6 Rxd6 19. Rxd6 Qxd6 20. Rd1 Qe7
21. Qd2 Kf8 22. Qd7 Re8 23. Qd2 Ra8 24. Bh5 Bxg2 25. Kxg2 Qg5+ 26. Kf1 Qxh5 27.
Qd6+ Kf7 28. Qc7+ Kg8 29. Rd7 Qg4 30. Ke1 Qg1+ 31. Ke2 Qg4+ 32. Ke1 Qg1+ 33.
Ke2 Qg4+ 34. Kd2 Rf8 35. h3 Qg2 36. Qg3 Qxg3 37. fxg3 Rf7 38. Rd8+ Rf8 39. Rd7
Rf7 40. Rd8+ Rf8 41. Rd7 Rf7 1/2-1/2

[Event "Chicago Open"]
[Site "Wheeling"]
[Date "2013.05.26"]
[Round "7.16"]
[White "Finegold, Benjamin"]
[Black "Ulrich, Thomas"]
[Result "1-0"]
[WhiteElo "2505"]
[BlackElo "2213"]
[PlyCount "129"]
[EventDate "2013.05.??"]
[EventType "swiss"]
[EventRounds "9"]
[EventCountry "USA"]
[Source "MonRoi"]

1. e4 c5 2. Nf3 d6 3. d4 cxd4 4. Qxd4 a6 5. Bg5 Nc6 6. Qe3 Nf6 7. Bxf6 gxf6 8.
Nbd2 b5 9. a4 Bd7 10. axb5 axb5 11. Rxa8 Qxa8 12. Bxb5 Qa1+ 13. Ke2 Qxh1 14.
Bxc6 Bxc6 15. Qb6 Bh6 16. Qxc6+ Kf8 17. Nf1 Qxg2 18. Ng3 e6 19. Qc8+ Kg7 20.
Nh5+ Kg6 21. Qxh8 Kxh5 22. Qxf6 Qg7 23. Qh4+ Kg6 24. Qg3+ Kh5 25. Qh4+ Kg6 26.
c3 Qf8 27. e5 f6 28. Qg4+ Kf7 29. exf6 Kxf6 30. Nd4 Qc8 31. Qh4+ Bg5 32. Qxh7
e5 33. Nf3 Qc4+ 34. Qd3 Qc6 35. Nxg5 Kxg5 36. h4+ Kh6 37. h5 e4 38. Qd4 Kxh5
39. c4 Kh6 40. Ke3 Qa6 41. Qxe4 Qa1 42. Qd4 Kh7 43. Ke4 Qh1+ 44. f3 Qh4+ 45.
Kd5 Qh5+ 46. Kxd6 Qxf3 47. Kc7 Qf7+ 48. Qd7 Kh8 49. c5 Qf4+ 50. Kc8 Qb4 51.
Qh3+ Kg8 52. Qg2+ Kf8 53. c6 Qb5 54. Qf3+ Ke7 55. Qa3+ Ke8 56. Qe3+ Kf7 57.
Qa7+ Kf8 58. Qb7 Qe5 59. Qb4+ Ke8 60. c7 Qd5 61. Kb8 Qe5 62. Qb7 Kd7 63. b4
Qe8+ 64. c8=R+ Kd6 65. Qc7+ 1-0

[Event "Chicago Open"]
[Site "Wheeling"]
[Date "2013.05.26"]
[Round "7.17"]
[White "Mulyar, Michael"]
[Black "Krush, Irina"]
[Result "0-1"]
[WhiteElo "2383"]
[BlackElo "2470"]
[PlyCount "84"]
[EventDate "2013.05.??"]
[EventType "swiss"]
[EventRounds "9"]
[EventCountry "USA"]
[Source "MonRoi"]

1. d4 d6 2. Nf3 g6 3. g3 Bg7 4. Bg2 c5 5. O-O Qb6 6. dxc5 Qxc5 7. Be3 Qa5 8.
Bd4 Nf6 9. c4 Nc6 10. Bc3 Qh5 11. Nbd2 O-O 12. Qb3 Rb8 13. Qb5 Bf5 14. Rae1 a6
15. Qb3 Bh3 16. e4 Ng4 17. Bxg7 Kxg7 18. Qc3+ Kg8 19. Nh4 Bxg2 20. Kxg2 Rfc8
21. h3 Nge5 22. f4 Nd7 23. Nhf3 Qa5 24. Qxa5 Nxa5 25. Rc1 Rc7 26. b4 Nc6 27. a3
Rbc8 28. Rc2 Nb6 29. Rfc1 Na4 30. Kf2 a5 31. Rb1 axb4 32. axb4 Nb6 33. c5 Nd8
34. Nd4 dxc5 35. Nb5 Rd7 36. bxc5 Ne6 37. Nb3 Na4 38. Rbc1 Rd3 39. Na5 Rxc5 40.
Rxc5 Naxc5 41. Rc4 Rd2+ 42. Ke3 Ra2 0-1

[Event "Chicago Open"]
[Site "Wheeling"]
[Date "2013.05.26"]
[Round "7.18"]
[White "Markzon, Gregory"]
[Black "Troff, Kayden"]
[Result "0-1"]
[WhiteElo "2191"]
[BlackElo "2421"]
[PlyCount "80"]
[EventDate "2013.05.??"]
[EventType "swiss"]
[EventRounds "9"]
[EventCountry "USA"]
[Source "MonRoi"]

1. d4 Nf6 2. c4 g6 3. g3 c6 4. Nf3 Bg7 5. Bg2 O-O 6. O-O d5 7. cxd5 cxd5 8. Ne5
Ng4 9. Nxg4 Bxg4 10. Nc3 Nc6 11. h3 Bd7 12. e3 e6 13. Ne2 Qb6 14. Nf4 Rac8 15.
b3 Rfd8 16. Bb2 Nb4 17. Ba3 Qa5 18. Bxb4 Qxb4 19. Nd3 Qa3 20. Re1 Bb5 21. Bf1
Bf8 22. Re2 Qa6 23. Rc2 Ba3 24. Qd2 b6 25. Ne5 Bxf1 26. Rxf1 Rxc2 27. Qxc2 Rc8
28. Qd2 Rc7 29. e4 dxe4 30. Qf4 Bd6 31. Qf6 Bxe5 32. Qd8+ Kg7 33. dxe5 Rc8 34.
Qf6+ Kg8 35. Rd1 Rf8 36. Rd8 Qa3 37. h4 h5 38. g4 hxg4 39. Rd7 e3 40. fxe3 Qxa2
0-1

[Event "Chicago Open"]
[Site "Wheeling"]
[Date "2013.05.26"]
[Round "7.19"]
[White "Coraretti, Benjamin"]
[Black "Fernandez, Daniel"]
[Result "0-1"]
[WhiteElo "2151"]
[BlackElo "2396"]
[PlyCount "92"]
[EventDate "2013.05.??"]
[EventType "swiss"]
[EventRounds "9"]
[EventCountry "USA"]
[Source "MonRoi"]

1. e4 Nf6 2. e5 Nd5 3. Nf3 d6 4. d4 Bg4 5. Be2 e6 6. h3 Bh5 7. O-O Be7 8. c4
Nb6 9. Nc3 O-O 10. Be3 Nc6 11. exd6 cxd6 12. b3 d5 13. c5 Nc8 14. Ne5 Nxe5 15.
Bxh5 Nc6 16. b4 a6 17. Qd2 Bf6 18. Rab1 N8e7 19. Rfd1 g6 20. Bg4 h5 21. Bf3 Nf5
22. Ne2 Nh4 23. Kh1 Nxf3 24. gxf3 Bg7 25. f4 Ne7 26. Ng1 Nf5 27. Nf3 f6 28. a4
Qd7 29. Ra1 e5 30. dxe5 Nxe3 31. fxe3 Qxh3+ 32. Nh2 fxe5 33. Qxd5+ Kh8 34. Qf3
Qh4 35. Ra2 exf4 36. exf4 Rxf4 37. Qxb7 Raf8 38. Qd5 Rf1+ 39. Rxf1 Rxf1+ 40.
Kg2 Rf5 41. Qa8+ Kh7 42. Qb7 Kh6 43. Re2 Rg5+ 44. Kf1 Qh3+ 45. Rg2 Qd3+ 46. Re2
Rf5+ 0-1

[Event "Chicago Open"]
[Site "Wheeling"]
[Date "2013.05.26"]
[Round "7.20"]
[White "Diamant, Andre"]
[Black "Aaron, Deepak"]
[Result "1-0"]
[WhiteElo "2479"]
[BlackElo "2257"]
[PlyCount "90"]
[EventDate "2013.05.??"]
[EventType "swiss"]
[EventRounds "9"]
[EventCountry "USA"]
[Source "MonRoi"]

1. e4 e5 2. Bc4 Nc6 3. Nc3 Nf6 4. d3 Bb4 5. Bd2 d6 6. Nf3 a6 7. Ne2 Bc5 8. Ng3
h6 9. O-O Bg4 10. h3 Be6 11. Bb3 Qd7 12. Be3 Nd4 13. Nxd4 Bxd4 14. Bxd4 exd4
15. f4 O-O-O 16. Qf3 Qb5 17. c4 dxc3 18. bxc3 Bxb3 19. Rab1 d5 20. e5 Ne4 21.
dxe4 Qc5+ 22. Qf2 Qxf2+ 23. Rxf2 Bc4 24. Re1 g6 25. f5 Rhe8 26. e6 fxe6 27.
fxg6 Rg8 28. Rf6 dxe4 29. a3 Rd5 30. h4 h5 31. Rxe4 Bd3 32. Rexe6 Rd6 33. Rxd6
cxd6 34. Nxh5 Bxg6 35. Nf4 Be4 36. Kf2 Kd7 37. Rf7+ Ke8 38. Rc7 Rg4 39. g3 Kd8
40. Ne6+ Ke8 41. h5 a5 42. h6 Rg6 43. h7 Rf6+ 44. Nf4 Bxh7 45. Rxh7 b5 1-0

[Event "Chicago Open"]
[Site "Wheeling"]
[Date "2013.05.26"]
[Round "7.21"]
[White "Colas, Joshua"]
[Black "Neimer, Vitaly"]
[Result "1/2-1/2"]
[WhiteElo "2201"]
[BlackElo "2420"]
[PlyCount "62"]
[EventDate "2013.05.??"]
[EventType "swiss"]
[EventRounds "9"]
[EventCountry "USA"]
[Source "MonRoi"]

1. d4 Nf6 2. c4 e6 3. Nf3 b6 4. Nc3 Bb4 5. Qc2 Bb7 6. a3 Bxc3+ 7. Qxc3 Ne4 8.
Qc2 f5 9. g3 d5 10. Bg2 Nd7 11. O-O O-O 12. cxd5 exd5 13. Bf4 c5 14. dxc5 bxc5
15. b4 Rc8 16. bxc5 Ndxc5 17. Qb2 Ba6 18. Rfe1 Re8 19. h4 Na4 20. Qd4 Nac3 21.
Bf1 Qe7 22. Qb4 Qf6 23. Qd4 Qe6 24. Ng5 Qg6 25. Nxe4 Rxe4 26. Qd2 Ra4 27. e3
Bxf1 28. Rxf1 Qa6 29. Be5 d4 30. exd4 h6 31. Qb2 Qb5 1/2-1/2

[Event "Chicago Open"]
[Site "Wheeling"]
[Date "2013.05.26"]
[Round "7.22"]
[White "Aripov, Iskandar"]
[Black "Wasiluk, Kevin"]
[Result "1/2-1/2"]
[WhiteElo "2196"]
[BlackElo "2322"]
[PlyCount "82"]
[EventDate "2013.05.??"]
[EventType "swiss"]
[EventRounds "9"]
[EventCountry "USA"]
[Source "MonRoi"]

1. Nf3 d5 2. c4 e6 3. e3 Nf6 4. b3 Nbd7 5. Bb2 c6 6. Qc2 Bd6 7. Nc3 Qe7 8. Be2
O-O 9. O-O a6 10. d4 b5 11. e4 Nxe4 12. Nxe4 dxe4 13. Qxe4 Bb7 14. Bd3 f5 15.
Qe2 c5 16. Rfe1 Bxf3 17. Qxe6+ Qxe6 18. Rxe6 Be4 19. Rxd6 Bxd3 20. Rxd7 bxc4
21. dxc5 Rf7 22. Rd4 Rb7 23. Bc3 Rc8 24. bxc4 Bc2 25. Rd2 Ba4 26. Rd5 Rcb8 27.
h4 Rb1+ 28. Rxb1 Rxb1+ 29. Kh2 Rc1 30. Rd3 Rc2 31. a3 Rxf2 32. Rd6 Rf4 33. Rxa6
Rxh4+ 34. Kg1 Rxc4 35. Ra8+ Kf7 36. Ra7+ Ke6 37. Bxg7 Bc6 38. Bf8 Rc1+ 39. Kh2
Rc2 40. Re7+ Kf6 41. Rxh7 Bxg2 1/2-1/2

[Event "Chicago Open"]
[Site "Wheeling"]
[Date "2013.05.26"]
[Round "7.23"]
[White "Santarius, Erik"]
[Black "Vibbert, Sean"]
[Result "0-1"]
[WhiteElo "2292"]
[BlackElo "2255"]
[PlyCount "62"]
[EventDate "2013.05.??"]
[EventType "swiss"]
[EventRounds "9"]
[EventCountry "USA"]
[Source "MonRoi"]

1. d4 d5 2. c4 e6 3. Nf3 Nf6 4. g3 dxc4 5. Bg2 a6 6. O-O Nc6 7. Nc3 Rb8 8. e4
b5 9. Re1 Be7 10. d5 Nb4 11. Nd4 e5 12. Nf3 Nd3 13. Re3 Bg4 14. b3 Bc5 15. Re2
Bxf3 16. Bxf3 Bd4 17. Bd2 b4 18. Na4 Bxa1 19. Qxa1 c3 20. Be3 Nd7 21. Qb1 Nb2
22. Nxb2 cxb2 23. Rxb2 O-O 24. Be2 a5 25. g4 Qh4 26. Kg2 h5 27. h3 hxg4 28.
hxg4 f5 29. exf5 Nf6 30. Qd1 Kf7 31. Qc1 Nxg4 0-1

[Event "Chicago Open"]
[Site "Wheeling"]
[Date "2013.05.26"]
[Round "7.26"]
[White "Schmakel, Sam"]
[Black "Francisco, Richard"]
[Result "1-0"]
[WhiteElo "2192"]
[BlackElo "2277"]
[PlyCount "73"]
[EventDate "2013.05.??"]
[EventType "swiss"]
[EventRounds "9"]
[EventCountry "USA"]
[Source "MonRoi"]

1. d4 Nf6 2. c4 g6 3. Nc3 d5 4. Nf3 Bg7 5. Qb3 dxc4 6. Qxc4 O-O 7. e4 a6 8. Be2
b5 9. Qb3 Bb7 10. e5 Nd5 11. O-O Nb6 12. Be3 Nc6 13. Rad1 Na5 14. Qc2 Nac4 15.
Bc1 Nd5 16. Nxd5 Bxd5 17. b3 Nb6 18. Ba3 Qd7 19. Ng5 f6 20. exf6 Rxf6 21. Nf3
Rf5 22. Ne5 Rg5 23. f3 Qd8 24. Bd3 e6 25. Be4 Rh5 26. g3 Rc8 27. Nc6 Bxc6 28.
Qxc6 Bxd4+ 29. Kh1 Qf6 30. Rxd4 Qxd4 31. Qxe6+ Kg7 32. Rb1 Re5 33. Qc6 Rxe4 34.
fxe4 Qd3 35. Re1 Qd2 36. Rf1 b4 37. Qf6+ 1-0

[Event "Chicago Open"]
[Site "Wheeling"]
[Date "2013.05.26"]
[Round "7.27"]
[White "Shivaji, Shivkumar"]
[Black "Wheeler, Cameron"]
[Result "1-0"]
[WhiteElo "2272"]
[BlackElo "2193"]
[PlyCount "95"]
[EventDate "2013.05.??"]
[EventType "swiss"]
[EventRounds "9"]
[EventCountry "USA"]
[Source "MonRoi"]

1. d4 d5 2. c4 c6 3. Nf3 Nf6 4. e3 Bf5 5. Nc3 e6 6. Nh4 Bg6 7. Qb3 Qb6 8. Nxg6
hxg6 9. Bd2 Nbd7 10. Be2 g5 11. O-O-O Qxb3 12. axb3 Bb4 13. Kb1 a5 14. f3 c5
15. cxd5 exd5 16. Bb5 Rc8 17. h3 Rc7 18. Be1 O-O 19. Bg3 Rcc8 20. Bxd7 Nxd7 21.
Nxd5 Rfe8 22. e4 cxd4 23. Nxb4 axb4 24. Rxd4 Nc5 25. Rxb4 Red8 26. Rc1 Rc6 27.
Rb5 Ne6 28. Rxb7 Ra6 29. b4 Rd2 30. b5 Ra4 31. Be5 Rxg2 32. b6 Nd4 33. Ra7 Rb4
34. Bxd4 Rxd4 35. b7 Rb4 36. Rc2 Rg1+ 37. Rc1 Rg2 38. Rc2 Rg1+ 39. Ka2 Kh7 40.
b3 Rd1 41. Rc8 Rd7 42. b8=Q Rxb8 43. Rxd7 Rxc8 44. Rxf7 Kg6 45. Rf5 Rc2+ 46.
Ka3 Rh2 47. b4 Rxh3 48. Ka4 1-0

[Event "Chicago Open"]
[Site "Wheeling"]
[Date "2013.05.26"]
[Round "7.28"]
[White "Liang, Awonder"]
[Black "Chandra, Akshat"]
[Result "0-1"]
[WhiteElo "2053"]
[BlackElo "2270"]
[PlyCount "70"]
[EventDate "2013.05.??"]
[EventType "swiss"]
[EventRounds "9"]
[EventCountry "USA"]
[Source "MonRoi"]

1. e4 c5 2. Nf3 Nc6 3. Bb5 d6 4. O-O Bd7 5. c3 Nf6 6. Re1 a6 7. Bf1 Bg4 8. h3
Bh5 9. d3 e6 10. Be3 Be7 11. Nbd2 O-O 12. g4 Bg6 13. Nh4 Nd7 14. Nxg6 hxg6 15.
Bg2 g5 16. d4 cxd4 17. cxd4 e5 18. Nf3 exd4 19. Nxd4 Nxd4 20. Bxd4 Bf6 21. Bxf6
Qxf6 22. Qd5 Rab8 23. Rad1 Ne5 24. Qxd6 Qf4 25. Rd5 Rfe8 26. Qa3 Rbc8 27. Qb3
Rc7 28. Red1 Re6 29. Qb4 Rc2 30. R1d2 Nc6 31. Rd8+ Kh7 32. Rh8+ Kg6 33. Rxc2
Nxb4 34. Rc5 Re5 35. Rc7 Nd3 0-1

[Event "Chicago Open"]
[Site "Wheeling"]
[Date "2013.05.26"]
[Round "7.29"]
[White "Sevian, Samuel"]
[Black "Preotu, Razvan"]
[Result "1-0"]
[WhiteElo "2371"]
[BlackElo "2221"]
[PlyCount "113"]
[EventDate "2013.05.??"]
[EventType "swiss"]
[EventRounds "9"]
[EventCountry "USA"]
[Source "MonRoi"]

1. e4 c5 2. Nf3 Nc6 3. Nc3 g6 4. d4 cxd4 5. Nxd4 Bg7 6. Be3 Nf6 7. Bc4 Qa5 8.
O-O O-O 9. Bb3 d6 10. h3 Bd7 11. f4 Nxd4 12. Bxd4 Bc6 13. Qd3 Rad8 14. Rad1 Nd7
15. Bxg7 Kxg7 16. Qd4+ Kg8 17. Nd5 Bxd5 18. Bxd5 b5 19. Kh1 Qb6 20. c3 Qc5 21.
Bb3 a5 22. a3 Nb6 23. Rf2 Rc8 24. Re2 Rfd8 25. Qxc5 Rxc5 26. g3 Kf8 27. Kg2 e6
28. Kf3 Ke7 29. h4 Rc6 30. g4 Rc5 31. g5 h6 32. Kg3 h5 33. Kf3 Nc4 34. Rd4 e5
35. Rd5 Nb6 36. Rd1 exf4 37. e5 d5 38. Kxf4 Nc4 39. Kg3 Rc6 40. Kf4 Rc5 41. Rd4
a4 42. Ba2 Na5 43. Ke3 Nb3 44. Bxb3 axb3 45. Rf2 Rc4 46. Rdf4 Rxf4 47. Rxf4 Ke6
48. Kd4 Rc8 49. Rf6+ Ke7 50. Kxd5 Rc4 51. e6 fxe6+ 52. Rxe6+ Kf7 53. Re4 Rc8
54. Rb4 Rd8+ 55. Kc5 Rd2 56. Rxb3 Rh2 57. Rb4 1-0

[Event "Chicago Open"]
[Site "Wheeling"]
[Date "2013.05.27"]
[Round "8.1"]
[White "Lenderman, Alex"]
[Black "Friedel, Joshua"]
[Result "0-1"]
[WhiteElo "2585"]
[BlackElo "2485"]
[PlyCount "182"]
[EventDate "2013.05.??"]
[EventType "swiss"]
[EventRounds "9"]
[EventCountry "USA"]
[Source "MonRoi"]

1. Nf3 Nf6 2. d4 e6 3. e3 b6 4. Bd3 Bb7 5. O-O d5 6. Ne5 g6 7. c4 Bg7 8. Qa4+
c6 9. cxd5 exd5 10. Nc3 O-O 11. Rd1 a5 12. Be2 Qe7 13. Bf3 b5 14. Qc2 Na6 15.
a3 Rfc8 16. Qb1 Ne8 17. Nd3 Nd6 18. Bd2 Nc4 19. Be1 Rcb8 20. Ne2 a4 21. Bc3 Bc8
22. Ng3 h5 23. Nb4 Nxb4 24. Bxb4 Qg5 25. e4 Be6 26. Bc3 h4 27. Nf1 dxe4 28.
Qxe4 Bd5 29. Qg4 Qxg4 30. Bxg4 Re8 31. Re1 Bh6 32. Be2 Nd6 33. Nd2 Nf5 34. Nf3
h3 35. Bf1 hxg2 36. Bxg2 f6 37. Rad1 Kf7 38. h3 Bf4 39. Kf1 Bc4+ 40. Kg1 Bd5
41. Kf1 g5 42. Rxe8 Rxe8 43. Ne1 Bb3 44. Ra1 Bc4+ 45. Kg1 Ne7 46. Nc2 Nd5 47.
Nb4 Nxb4 48. Bxb4 Bd5 49. Bxd5+ cxd5 50. Kf1 Kg6 51. Rb1 Kf5 52. Rd1 Rh8 53.
Rd3 Ke4 54. Ke2 Bc1 55. Bc3 Rc8 56. Rd1 Bf4 57. Rd3 Rc7 58. Rd1 Kf5 59. Rd3 Bd6
60. Rf3+ Kg6 61. Kd3 Re7 62. Kd2 Bf4+ 63. Kd1 Re4 64. Rd3 Bd6 65. Bd2 f5 66.
Rc3 Bf4 67. Rc6+ Kh5 68. Bc3 Bh2 69. Rc5 Bg1 70. Rxb5 Bxf2 71. Rxd5 Kg6 72.
Rd6+ Kh5 73. d5 g4 74. Rf6 g3 75. Rxf5+ Kh4 76. Bf6+ Kxh3 77. Rh5+ Kg4 78. Rg5+
Kf3 79. Rf5+ Kg4 80. Rg5+ Kf3 81. Rf5+ Ke3 82. d6 g2 83. Rg5 Kd3 84. Rd5+ Kc4
85. Rg5 g1=Q+ 86. Rxg1 Bxg1 87. d7 Bb6 88. Kc2 Re2+ 89. Kc1 Be3+ 90. Kb1 Kb3
91. Bh4 Rc2 0-1

[Event "Chicago Open"]
[Site "Wheeling"]
[Date "2013.05.27"]
[Round "8.2"]
[White "Porper, Edward"]
[Black "Robson, Ray"]
[Result "0-1"]
[WhiteElo "2423"]
[BlackElo "2620"]
[PlyCount "80"]
[EventDate "2013.05.??"]
[EventType "swiss"]
[EventRounds "9"]
[EventCountry "USA"]
[Source "MonRoi"]

1. d4 Nf6 2. c4 g6 3. Nc3 d5 4. e3 Bg7 5. cxd5 Nxd5 6. Nxd5 Qxd5 7. Ne2 O-O 8.
Nc3 Qd8 9. Be2 c5 10. d5 e6 11. e4 exd5 12. exd5 Qb6 13. O-O Re8 14. Re1 Bf5
15. a4 Na6 16. a5 Qd6 17. Nb5 Qe5 18. d6 Nb4 19. Nc7 Nc2 20. Nxe8 Rxe8 21. Bg5
Nxe1 22. Bb5 Nc2 23. Bxe8 Nxa1 24. d7 Bxd7 25. Bxd7 Qxg5 26. Qxa1 Qd2 27. Bc8
Bxb2 28. Qf1 Bd4 29. a6 b5 30. Bg4 c4 31. Qe2 Qc1+ 32. Qd1 Qxd1+ 33. Bxd1 Kf8
34. Bf3 Ke7 35. Bc6 c3 36. Be4 Kd6 37. Kf1 Kc5 38. Ke2 b4 39. Bc2 Kc4 40. Bd3+
Kb3 0-1

[Event "Chicago Open"]
[Site "Wheeling"]
[Date "2013.05.27"]
[Round "8.4"]
[White "Mitkov, Nikola"]
[Black "Georgiev, Vladimir"]
[Result "1-0"]
[WhiteElo "2484"]
[BlackElo "2559"]
[PlyCount "85"]
[EventDate "2013.05.??"]
[EventType "swiss"]
[EventRounds "9"]
[EventCountry "USA"]
[Source "MonRoi"]

1. e4 e5 2. Bc4 Nf6 3. d3 Nc6 4. Nc3 Na5 5. Nge2 Be7 6. O-O O-O 7. a4 Nxc4 8.
dxc4 d6 9. b3 Be6 10. h3 Nd7 11. Ng3 a5 12. Nf5 Bg5 13. Qg4 Bxf5 14. exf5 Bxc1
15. Raxc1 Nf6 16. Qf3 c6 17. Rcd1 Qe7 18. Rfe1 Rad8 19. Qe3 Rfe8 20. Qb6 Qd7
21. g4 g6 22. Qe3 Kh8 23. Qg5 Kg7 24. fxg6 fxg6 25. Rd3 Re6 26. Qe3 h6 27. Qg3
Qe7 28. Rde3 Re8 29. Rd1 Rf8 30. Red3 Ne8 31. Ne4 Rf4 32. f3 Qf8 33. Kg2 g5 34.
Qe1 Nf6 35. Rxd6 Rxd6 36. Nxd6 e4 37. fxe4 h5 38. Nf5+ Kg6 39. gxh5+ Nxh5 40.
Rd6+ Nf6 41. c5 g4 42. h4 Kh7 43. Qe3 1-0

[Event "Chicago Open"]
[Site "Wheeling"]
[Date "2013.05.27"]
[Round "8.5"]
[White "Yermolinsky, Alex"]
[Black "Holt, Conrad"]
[Result "1/2-1/2"]
[WhiteElo "2497"]
[BlackElo "2513"]
[PlyCount "56"]
[EventDate "2013.05.??"]
[EventType "swiss"]
[EventRounds "9"]
[EventCountry "USA"]
[Source "MonRoi"]

1. e4 e6 2. d4 d5 3. Nc3 Bb4 4. exd5 exd5 5. Bd3 Nf6 6. Nge2 O-O 7. O-O Re8 8.
a3 Ba5 9. h3 Nbd7 10. Bf4 Nf8 11. b4 Bb6 12. Na4 Ng6 13. Bg3 Ne4 14. Bxe4 Rxe4
15. Nc5 Re8 16. a4 a5 17. b5 Qe7 18. Re1 c6 19. bxc6 bxc6 20. Nf4 Qxe1+ 21.
Qxe1 Rxe1+ 22. Rxe1 Bf5 23. Nfd3 Nf8 24. Rb1 Bxc5 25. Nxc5 Bxc2 26. Rb2 Bf5 27.
Rb6 Ne6 28. Nxe6 Bxe6 1/2-1/2

[Event "Chicago Open"]
[Site "Wheeling"]
[Date "2013.05.27"]
[Round "8.6"]
[White "Corrales Jimenez, Fidel"]
[Black "Gurevich, Dmitry"]
[Result "1-0"]
[WhiteElo "2604"]
[BlackElo "2492"]
[PlyCount "55"]
[EventDate "2013.05.??"]
[EventType "swiss"]
[EventRounds "9"]
[EventCountry "USA"]
[Source "MonRoi"]

1. e4 c5 2. Nf3 d6 3. d4 cxd4 4. Nxd4 Nf6 5. Nc3 Nc6 6. Bg5 e6 7. Qd2 Be7 8.
O-O-O O-O 9. f4 h6 10. h4 Nxd4 11. Qxd4 Qa5 12. Kb1 e5 13. Qd3 exf4 14. Bxf4
Be6 15. Be2 Rac8 16. Nd5 Bxd5 17. exd5 Rc5 18. Bf3 Nd7 19. Qf5 Bf6 20. Qxd7
Bxb2 21. Rd3 Bc3 22. Bxd6 Qb4+ 23. Kc1 Qb2+ 24. Kd1 Qb1+ 25. Ke2 Qxc2+ 26. Ke3
Bd4+ 27. Rxd4 Rc3+ 28. Kf4 1-0

[Event "Chicago Open"]
[Site "Wheeling"]
[Date "2013.05.27"]
[Round "8.9"]
[White "Shabalov, Alexander"]
[Black "Gerzhoy, Leonid"]
[Result "1-0"]
[WhiteElo "2544"]
[BlackElo "2469"]
[PlyCount "83"]
[EventDate "2013.05.??"]
[EventType "swiss"]
[EventRounds "9"]
[EventCountry "USA"]
[Source "MonRoi"]

1. e4 e6 2. d4 d5 3. Nc3 Bb4 4. a3 Bxc3+ 5. bxc3 dxe4 6. Qg4 Nf6 7. Qxg7 Rg8 8.
Qh6 Nbd7 9. a4 c5 10. a5 Qc7 11. Qd2 Ng4 12. Bb5 a6 13. Ba4 f5 14. Ne2 Kf7 15.
Qf4 Qxa5 16. d5 e5 17. Bxd7 Bxd7 18. Qxf5+ Bxf5 19. Rxa5 b6 20. Ra3 Nf6 21. Ng3
Bg6 22. c4 b5 23. f3 bxc4 24. O-O e3 25. f4 exf4 26. Rxf4 Bxc2 27. Bb2 Rg6 28.
Rxe3 Rb8 29. Bc3 Rb1+ 30. Kf2 Rd1 31. Nh5 Rxd5 32. Nxf6 Rf5 33. Rxf5 Bxf5 34.
Nxh7 Bd3 35. h4 Rb6 36. Ng5+ Kf8 37. Ne6+ Kf7 38. Nxc5 Bf5 39. Rf3 Kg6 40. h5+
Kg5 41. h6 Bh7 42. Nd7 1-0

[Event "Chicago Open"]
[Site "Wheeling"]
[Date "2013.05.27"]
[Round "8.11"]
[White "Fernandez, Daniel"]
[Black "Finegold, Benjamin"]
[Result "1/2-1/2"]
[WhiteElo "2396"]
[BlackElo "2505"]
[PlyCount "135"]
[EventDate "2013.05.??"]
[EventType "swiss"]
[EventRounds "9"]
[EventCountry "USA"]
[Source "MonRoi"]

1. d4 d5 2. c4 Nc6 3. cxd5 Qxd5 4. e3 e5 5. Nc3 Bb4 6. Bd2 Bxc3 7. Bxc3 exd4 8.
Ne2 Nf6 9. Nxd4 O-O 10. Nxc6 Qxc6 11. Rc1 Bg4 12. Qc2 Rad8 13. Bd4 Qxc2 14.
Rxc2 Rfe8 15. Be2 Bxe2 16. Rxe2 Nd5 17. Rd2 Nb4 18. a3 Rxd4 19. Rxd4 Nc2+ 20.
Kd2 Nxd4 21. exd4 Kf8 22. Kd3 Re7 23. Rc1 Ke8 24. Rc5 b6 25. Rc2 Kd7 26. d5 Kd6
27. Kd4 Re1 28. Rc6+ Kd7 29. Rc2 Kd6 30. Rc6+ Kd7 31. Rc2 a5 32. h4 Kd6 33.
Rc6+ Kd7 34. Rc2 f5 35. g3 Kd6 36. Rc6+ Kd7 37. Rc2 g6 38. b3 a4 39. b4 Ra1 40.
Rc3 Ra2 41. f4 Rb2 42. Kc4 Kd6 43. Kb5 Rb3 44. Rc6+ Kxd5 45. Rxc7 Rxa3 46. Rxh7
Rxg3 47. Kxa4 Rg4 48. h5 gxh5 49. Rxh5 Rxf4 50. Rh6 Rd4 51. Rxb6 f4 52. Rf6 Ke4
53. Ka5 f3 54. b5 Rd5 55. Rxf3 Kxf3 56. Kb6 Rd1 57. Kc6 Rc1+ 58. Kd6 Rb1 59.
Kc6 Ke4 60. b6 Rc1+ 61. Kd6 Rb1 62. Kc6 Ke5 63. b7 Ke6 64. Kc7 Rc1+ 65. Kd8 Rb1
66. Kc7 Ke7 67. b8=Q Rxb8 68. Kxb8 1/2-1/2

[Event "Chicago Open"]
[Site "Wheeling"]
[Date "2013.05.27"]
[Round "8.13"]
[White "Shivaji, Shivkumar"]
[Black "Izoria, Zviad"]
[Result "0-1"]
[WhiteElo "2272"]
[BlackElo "2585"]
[PlyCount "60"]
[EventDate "2013.05.??"]
[EventType "swiss"]
[EventRounds "9"]
[EventCountry "USA"]
[Source "MonRoi"]

1. d4 g6 2. c4 Bg7 3. g3 c5 4. d5 b5 5. cxb5 a6 6. bxa6 Nf6 7. Bg2 d6 8. Nf3
Nbd7 9. O-O O-O 10. Nc3 Nb6 11. Nd2 Bxa6 12. Qc2 Bb7 13. e4 Ba6 14. Re1 Ng4 15.
Nf3 Nc4 16. b3 Qa5 17. e5 Ngxe5 18. Nxe5 Bxe5 19. Bb2 Nxb2 20. Rxe5 dxe5 21.
Qxb2 Rab8 22. Ne4 f6 23. Qc1 Rbc8 24. Qh6 c4 25. d6 exd6 26. Bh3 Qd5 27. Bxc8
Bxc8 28. Qh4 Bb7 29. Re1 f5 30. bxc4 Qc6 0-1

[Event "Chicago Open"]
[Site "Wheeling"]
[Date "2013.05.27"]
[Round "8.14"]
[White "Felecan, Florin"]
[Black "Amanov, Mesgen"]
[Result "0-1"]
[WhiteElo "2375"]
[BlackElo "2510"]
[PlyCount "166"]
[EventDate "2013.05.??"]
[EventType "swiss"]
[EventRounds "9"]
[EventCountry "USA"]
[Source "MonRoi"]

1. e4 c5 2. Nf3 d6 3. d4 cxd4 4. Nxd4 Nf6 5. Nc3 a6 6. Bg5 Nbd7 7. f4 Qc7 8.
Qf3 b5 9. O-O-O Bb7 10. Bd3 e6 11. Rhe1 Qb6 12. Bxf6 gxf6 13. Nb3 h5 14. Kb1
Be7 15. Qh3 b4 16. Ne2 Rc8 17. Ng3 h4 18. Nf1 a5 19. f5 e5 20. Qe3 a4 21. Qxb6
Nxb6 22. Nbd2 a3 23. b3 d5 24. Ne3 d4 25. Ndc4 Nxc4 26. Nxc4 Bf8 27. Nb6 Rc5
28. g3 Bh6 29. Rg1 Be3 30. Rg2 hxg3 31. hxg3 Kd8 32. Nc4 Bg5 33. Nd6 Rc7 34.
Nxb7+ Rxb7 35. Rgg1 Ke7 36. Rh1 Rbb8 37. Be2 Rbg8 38. Bf3 Rh6 39. Rxh6 Bxh6 40.
g4 Rc8 41. Be2 Kf8 42. Rh1 Kg7 43. Bd3 Rg8 44. Be2 Bf4 45. Rh3 Kf8 46. Bd1 Ke7
47. Be2 Kd6 48. Ka1 Kc5 49. Kb1 Be3 50. Bd1 Bg5 51. Be2 Bf4 52. Ka1 Be3 53. Bd1
Bg1 54. Kb1 Bf2 55. Ka1 d3 56. Rxd3 Bd4+ 57. Kb1 Rh8 58. Bf3 Rh2 59. Rd1 Rf2
60. Bh1 Be3 61. Rd5+ Kc6 62. Rd1 Bd2 63. Rg1 Kc5 64. Bg2 Be3 65. Bh1 Kd4 66.
Rd1+ Bd2 67. Rg1 Ke3 68. Rg3+ Kf4 69. Rg1 Kg5 70. Bg2 Be3 71. Bh1 Kh4 72. Re1
Bd2 73. Rg1 Kh3 74. Ka1 Kh2 75. Rd1 Bc3+ 76. Kb1 Rf4 77. Rc1 Bd4 78. c3 bxc3
79. Kc2 Rf2+ 80. Kd3 Rd2+ 81. Kc4 c2 82. Bf3 Bb2 83. Rh1+ Kg3 0-1